00652cam a2200145 4500020003300000040000800033082002600041245004100067260003900108300003400147500020500181650002900386700002200415710006900437 a0816286043a0816285942 (pbk) cDLC00a001 HOL 1972 A007 Or.00aStatistics:ba guide to the unknown. aSan Francisco,bHolden-Dayc[1972] axxiii, 430 p.billus.c24 cm. aPapers contributed at the invitation of the Joint Committee on the Curriculum in Statistics and Probability of the American Statistical Association and the National Council of Teachers of Mathematics. 0aMathematical statistics.1 aTanur, Judith M.,2 aJoint Committee on the Curriculum in Statistics and Probability.